Decode these roman numerals! (easy) - Statistics

General Stats
  • This quiz has been taken 66 times
  • The average score is 9 of 11
Answer Stats
Hint Answer % Correct
X 10
100%
C 100
98%
XI 11
98%
IV 4
98%
XIX 19
95%
VII 7
95%
XVII 17
91%
IL 49
76%
DC 600
71%
CCM 800
67%
IVM 996
44%
No matching quizzes found
Score Distribution
Percent of People with Each Score
Percentile by Number Answered
Your Score History
You have not taken this quiz